000 00402cam a2200157ua 4500
041 _amal
_h
082 _a894.812301
_bKOV/SA
100 _aKovoor, E M .
245 _aSarkeettusaramma /
_cE M Kovoor.
_hTextual Documents
250 _a1 /
_b.
260 _aKottayam :
_bSahitya Pravarthaka Co-operative Society ,
_c1962.
300 _a142 ; .
504 _a
942 _cBK
999 _c11443
_d11443